| 000 | 00475nam a22001817a 4500 | ||
|---|---|---|---|
| 003 | CEME | ||
| 005 | 20210628204044.0 | ||
| 008 | 210104b xxu||||| |||| 00| 0 eng d | ||
| 020 | _a9693512278 | ||
| 040 | _c. | ||
| 082 | _a891.4397 SHA | ||
| 100 |
_aShafiq Ur Rehman _91675 |
||
| 245 | _aMazeed hamaqtain | ||
| 260 |
_aLAHORE _bSANG-E-MEEL PUB _c2011 |
||
| 300 | _a287P | ||
| 650 |
_aURDU ADAB-SHORT STORIES-MAZEED HAMAQTAIN.URDU ADAB-SATIRE. _968487 |
||
| 942 |
_cBK _2ddc |
||
| 999 |
_c576053 _d576053 |
||